| 000 | 01689nam a2200241Ia 4500 | ||
|---|---|---|---|
| 003 | Ost | ||
| 005 | 20260507075656.0 | ||
| 008 | 260507s9999||||xx |||||||||||||| ||und|| | ||
| 020 | _a9772084031 | ||
| 040 | _cfsecg | ||
| 041 | _aara | ||
| 082 | _a338.9 | ||
| 100 |
_aالربيعي، عبده محمد فاضل _eمؤلف |
||
| 245 | 0 |
_aالخصخصة وأثرها على التنمية بالدول النامية / _c عبده محمد فاضل الربيعي |
|
| 260 |
_aالقاهرة: _bمكتبة مدبولي, _c2004 |
||
| 300 |
_a519 صفحة؛ _bإيضاحات ؛ _c24 سم |
||
| 504 | _aالمراجع ص.503 | ||
| 520 | _aدور القطاع العام في التنمية وأساسه الاقتصادي، دور القطاع الخاص في التنمية، دور القطاعين العام والخاص في التنمية بالدول النامية، الخصخصة وأساسها الاقتصادي ، تجربة جمهورية شيلي في الخصخصة، تجرية جمهورية ماليزيا في الخصخصة، تجربة جمهورية تركيا في الخصخصة، تجربة جمهورية مصر في الخصخصة، دور القطاعين العام والخاص في التنمية بالجمهورية اليمنية، تجربة الجمهوراليمنية في الاصلاح الاقتصادي، تجربة الجمهورية اليمنية في الخصخصة، تقويم التجربة اليمنية في ظل تجارب الدول الأخرى، دروس مستفادة. | ||
| 653 | _aالبلدان النامية | ||
| 653 | _aالتنمية الإقتصادية | ||
| 653 | _aإلغاء التأميم | ||
| 942 | _cكتاب | ||
| 999 |
_c45702 _d45702 |
||